000 01066cam a2200301 4500
001 M1467
008 090401t1993 xxu||||| |||| 00| 0 eng d
035 _a(Sirsi) u32221
041 _aeng
050 _a333.33
090 _aRICS 1993/100ABCD
110 _aRoyal Institution of Chartered Surveyors
_94900
245 _aAgreement with conditions of engagement for the appointment of an agent to manage residential property.
260 _aLondon
_bRICS
_c1993
300 _a12p. ; 30cm.
350 _a6.46
520 _aSUPERSEDED: Replaced by Agreement with Conditions of Engagement for the Appointment of an Agent to Let Residential Property in the Private Sector (RICS 1996/72).
650 _aCONDITIONS OF ENGAGEMENT
650 _aGUIDANCE NOTES
650 _aMANAGING AGENTS
650 _aPRIVATE SECTOR
650 _aProperty management
_96262
650 _aRESIDENTIAL PROPERTY
_96266
650 _aRICS
690 _aPROPERTY-RESIDENTIAL PROPERTY-RESIDENTIAL LANDLORD AND TENANT-RESIDENTIAL TENANCIES
942 _n0
948 _c04/03/1997
999 _c89694
_d89694